Normal view
MARC view
- Tlapaneca
Entry Materia
001 - NÚMERO DE CONTROL DEL REGISTRO
- campo de control: 54134
003 - IDENTIFICADOR DE NUMERO DE CONTROL
- campo de control: MX-MxUPN
005 - FECHA Y HORA DE LA ÚLTIMA TRANSACCIÓN
- campo de control: 20241015155007.0
008 - DATOS DE LONGITUD FIJA
- campo de control de longitud fija: 241015nn fnnnnbaba n a|a d
040 ## - FUENTE DE LA CATALOGACIÓN
- Centro catalogador de origen: MX-MxUPN
- Lengua de catalogación: spa
150 ## - ENCABEZAMIENTO - TEMÁTICO
- Término de materia o nombre geográfico como elemento inicial: Tlapaneca
- Subdivisión de materia general: Estudio y enseñanza (Elemental)
670 ## - FUENTE EN LA QUE SE LOCALIZARON DATOS
- Cita de la fuente: Autoridades BGTQ, 15 octubre 2024 :
- Información localizada: (Tlapaneca -- Estudio y enseñanza (Elemental))
902 ## - CATALOGADOR
- Catalogador: VíctorGodínez/151024
